| 000 | 00758nam a2200217 u 4500 | ||
|---|---|---|---|
| 005 | 20230218063604.0 | ||
| 008 | 120502s2010 r 000 0 eng d | ||
| 020 | _a9786074022179 (Plaza y Valdés) | ||
| 020 | _a9786074770438 (UAM-Iztapalapa) | ||
| 035 | _aUPN01000184298 | ||
| 050 | 4 |
_aHN110.5 Z9 _bD4.6 |
|
| 245 | 0 | 0 |
_aDesarrollo local : _bteorías, políticas y experiencias / _ccoord. Rocío Rosales Ortega. |
| 260 |
_aMéxico : _bUAM-Iztapalapa : _bPlaza y Valdés, _c2010. |
||
| 300 |
_a367 p. : _bil., cuadros, mapas |
||
| 440 | 0 | _aSociología | |
| 650 | 4 |
_aDesarrollo de la comunidad _zAmérica Latina _99266 |
|
| 650 | 0 |
_aComunidad _xDesarrollo _zMéxico _99281 |
|
| 700 | 1 |
_aRosales Ortega, Rocío, _ecoord. |
|
| 905 | _aLibro | ||
| 999 |
_c156401 _d156401 |
||